The human side of organizations / (Record no. 57445)

MARC details
000 -LEADER
fixed length control field 01742nam a22003137a 4500
005 - DATE AND TIME OF LATEST TRANSACTION
control field 20111010112319.0
008 - FIXED-LENGTH DATA ELEMENTS--GENERAL INFORMATION
fixed length control field 111010t xxu||||| |||| 00| 0 eng d
010 ## - LCCN (DPL NO)
LC control number ENG103921
020 ## - INTERNATIONAL STANDARD BOOK NUMBER
International Standard Book Number 9788120344440
Terms of availability 495.00
035 ## - SYSTEM CONTROL NUMBER
System control number EN-87454
037 ## - SOURCE OF ACQUISITION
Source of stock number/acquisition DBAD/PUB
040 ## - CATALOGING SOURCE
Original cataloging agency DPL
Language of cataloging Eng
082 00 - DEWEY DECIMAL CLASSIFICATION NUMBER
Classification number 658.3
Edition number 22
100 1# - MAIN ENTRY--PERSONAL NAME
Personal name Drafke, Michael W.
9 (RLIN) 35370
245 14 - TITLE STATEMENT
Title The human side of organizations /
Statement of responsibility, etc by Michael Drafke
250 ## - EDITION STATEMENT
Edition statement 10th ed.
260 ## - PUBLICATION, DISTRIBUTION, ETC. (IMPRINT)
Place of publication, distribution, etc New Delhi
Name of publisher, distributor, etc PHI Learning
Date of publication, distribution, etc c2009.
270 ## - ADDRESS
Address M-97, Connaught Circus
City New Delhi
Postal code 110001
300 ## - PHYSICAL DESCRIPTION
Extent xxvi, 585 p. :
Other physical details ill.
Dimensions 26cm (pbk)
500 ## - GENERAL NOTE
General note Includes bibliographical references and index.
505 0# - FORMATTED CONTENTS NOTE
Formatted contents note Work and its place in life -- Perception and problem solving -- Primary communications -- Improving communications and managing conflict -- Ethics and etiquette -- Jobs, from design to appraisal -- Formal organizations : how people organize -- Understanding management -- Small groups and the informal organization -- Individuals and self-management -- Motivation and morale -- Job satisfaction and the quality of work life -- The dynamics of change -- Leadership -- Stress -- Challenges and opportunities.
650 #0 - SUBJECT ADDED ENTRY--TOPICAL TERM
Topical term or geographic name as entry element Psychology, Industrial.
9 (RLIN) 35371
650 #0 - SUBJECT ADDED ENTRY--TOPICAL TERM
Topical term or geographic name as entry element Organizational behavior.
9 (RLIN) 35372
650 #0 - SUBJECT ADDED ENTRY--TOPICAL TERM
Topical term or geographic name as entry element Interpersonal relations.
9 (RLIN) 35373
856 41 - ELECTRONIC LOCATION AND ACCESS
Materials specified Table of contents only
Uniform Resource Identifier <a href="http://www.loc.gov/catdir/toc/ecip0725/2007033681.html">http://www.loc.gov/catdir/toc/ecip0725/2007033681.html</a>
942 ## - ADDED ENTRY ELEMENTS (KOHA)
Source of classification or shelving scheme Dewey Decimal Classification
Item type English Books
Classification part 658.3
Call number suffix DRA
Holdings
Withdrawn status Lost status Source of classification or shelving scheme Damaged status Not for loan Collection code Home library Current library Date acquired Source of acquisition Cost, normal purchase price Total Checkouts Full call number Barcode Date last seen Copy number Cost, replacement price Koha item type
    Dewey Decimal Classification   Not For Loan Non-fiction D.B.Act.Division D.B.Act.Division 10/10/2011 DBAD/PUB 495.00   658.3 DRA EN-87454 10/10/2011 1 495.00 English Books

© Delhi Public Library
Hit Counter
free hit counter